000 00868nam a22002297a 4500
999 _c65656
_d65656
005 20240530110836.0
008 190916s2018 ua a f b 001 0 ara d
017 _a2004/10556
_bمصر. دار الكتب
020 _a9772084937
040 _aEG-CaGPL
_cEG-CaGPL
082 0 4 _221
_a305.55
_bق/ ع ط
100 0 _aعبير حسن عبدالباقى
245 1 0 _aطبقة الافندية فى مصر:
_bفى النصف الاول من القرن العشرين /
_cعبير حسن عبدالباقى
250 _aط. 1
260 _aالقاهرة :
_bمكتبة مدبولى،
_c2005
300 _a438 ص. :
_bايض. ؛
_c24 سم
650 0 7 _2qrmak
_aالطبقات الاجتماعية
650 0 7 _aالطبقات الاجتماعية
_xالافندية
_zمصر
651 _2qrmak
942 _2ddc
_cBK